000 005070000a22001810004500
003 MACL
005 20160524111711.0
008 160524b xxu||||| |||| 00| 0 eng d
040 _aMACL
_cMACL
041 _aHindi
082 _a891.433 NEE
100 _aनीलाभ
_9555
245 _aपगला राजा
_cनीलाभ
260 _bनीलाभ प्रकाशन
_c1991
_aइलाहाबाद
350 _a50
650 _aDrama
_959037
942 _cHIN
_k891.432/NEE/D
_2ddc
999 _c21107
_d21107